| 000 | 02559cam a22003734a 4500 | ||
|---|---|---|---|
| 001 | 15020809 | ||
| 005 | 20161101153342.0 | ||
| 008 | 070924s2008 nyu b 001 0 eng c | ||
| 010 | _a 2007039504 | ||
| 015 |
_aGBA855054 _2bnb |
||
| 016 | 7 |
_a014584629 _2Uk |
|
| 020 | _a9780801446399 (alk. paper) | ||
| 020 | _a9780801474002 (pbk. : alk. paper) | ||
| 035 | _a(OCoLC)ocn173509359 | ||
| 035 | _a(OCoLC)173509359 | ||
| 040 |
_aNIC/DLC _cDLC _dBTCTA _dBAKER _dYDXCP _dC#P _dUKM _dCOO _dDLC |
||
| 042 | _apcc | ||
| 043 |
_an-us--- _ae------ |
||
| 050 | 0 | 0 |
_aD2025.5.U64 _bE53 2008 |
| 082 | 0 | 0 |
_222 _a327.4073 _bEND |
| 245 | 0 | 4 |
_aThe End of the West? : _bCrisis and Change in the Atlantic Order / _cEdited by Jeffrey Anderson, G. John Ikenberry, Thomas Risse. |
| 260 |
_aIthaca : _bCornell University Press, _cc2008. |
||
| 300 |
_aviii, 298 p. ; _c24 cm. |
||
| 504 | _aIncludes bibliographical references and index. | ||
| 505 | 0 | _aExplaining crisis and change in transatlantic relations : an introduction / G. John Ikenberry -- Inevitable decline versus predestined stability : disciplinary explanations of the evolving transatlantic order / Gunther Hellmann -- The ghost of crises past : the troubled alliance in historical perspective / William I. Hitchcock -- Iraq and previous transatlantic crises : divided by threat, not institutions or values / Henry R. Nau -- The Atlantic order in transition : the nature of change in U.S.-European relations / Charles A. Kupchan -- Trade is no superglue : the changing political economy of transatlantic relations / Jens van Scherpenberg -- The ties that bind? : U.S.-EU economic relations and the institutionalization of the transatlantic alliance / Kathleen R. McNamara -- Crisis, what crisis? : transatlantic differences and the foundations of international law / Michael Byers -- The sovereign foundations of transatlantic crisis in the post-9/11 era / Jeffrey Anderson -- Passions within reason / John A. Hall -- American exceptionalism or western civilization? / Dieter Fuchs and Hans-Dieter Klingemann -- The end of the West? : conclusions / Thomas Risse. | |
| 651 | 0 |
_aEurope _xForeign relations _zUnited States. _912570 |
|
| 651 | 0 |
_aUnited States _xForeign relations _zEurope. _912571 |
|
| 700 | 1 |
_aAnderson, Jeffrey J. _912572 |
|
| 700 | 1 |
_aRisse-Kappen, Thomas. _912574 |
|
| 700 | 1 |
_912573 _aIkenberry, G. John. |
|
| 856 | 4 | 1 |
_3Table of contents only _uhttp://www.loc.gov/catdir/toc/ecip081/2007039504.html |
| 942 |
_2ddc _cBB |
||
| 999 |
_c13654 _d13654 |
||